| 000 | 00556nam a22001937a 4500 | ||
|---|---|---|---|
| 999 |
_c8043 _d8043 |
||
| 003 | AR-CdUCM | ||
| 008 | 190322b ||||| |||| 00| 0spag d | ||
| 040 |
_aMUNICIPALIDAD PROVINCIAL DEL CUSCO _cBIBLIOTECA MUNICIPAL DEL CUSCO |
||
| 082 |
_a869.5 / _bT37 |
||
| 100 |
_aTenorio García, Víctor _922732 |
||
| 245 | _aAlforja de poemas y prosas / | ||
| 260 |
_aLima : _bIntegral, _c1989. |
||
| 300 |
_a60 páginas ; _b20 cm. |
||
| 650 |
_aPoesía _9139 |
||
| 650 |
_aLiteratura peruana _9169 |
||
| 650 |
_aSiglo XX _98 |
||
| 942 |
_2ddc _cLIBROS |
||
| 945 | _azta | ||